Capitales avec la lettre V - Statistiques

Statistiques générales
  • Ce quiz a été pris 191 fois
  • Le résultat moyen est 17 sur 24
Statistiques - réponses
Hint Réponse % Correct
VV Varsovie
89%
V Vatican
88%
V Vilnius
88%
V Vaduz
85%
V Vienne
84%
V Vientiane
77%
V Montevideo
76%
V Kiev
75%
V La Valette
75%
V Erevan
72%
V Bratislava
71%
V La Havane
70%
V Antananarivo
67%
V Reykjavik
67%
V Port-Vila
65%
V Victoria
65%
V Libreville
64%
V Sarajevo
64%
V Andorre-la-Vieille
62%
V Brazzaville
62%
V Suva
60%
V Porto-Novo
57%
V San Salvador
57%
V Monrovia
53%
Aucun quiz correspondant
Distribution des résultats
% des personnes avec chaque résultat
Percentile par nombre de réponses
Votre historique - résultats
Vous n’avez pas pris ce quiz